000 00612nam a2200253Ia 4500
005 20260121155126.0
008 008 260114s9999 xx 000 0 eng d
020 _a9781315165806
037 _aEBOOK
040 _aCRL
040 _beng
040 _cCRL
041 _2eng
041 _aeng
084 _qCRL
100 _a Jane Kroger; Laura Ferrer-Wreder
_91015687
245 0 _aIdentity in Adolescence 4e
260 _bTaylor and Francis
260 _c2020
856 _uhttp://www.taylorfrancis.com/books/9781315165806
942 _cEBOOK
999 _c1582506
_d1582506